El taller de educación artística en la escuela especial /
Guardado en:
| Hovedforfatter: | |
|---|---|
| Format: | Bog |
| Sprog: | Spanish |
| Udgivet: |
Rosario, Argentina:
Homo Sapiens,
2002
|
| Udgivelse: | 3 edición |
| Fag: | |
| Tags: |
Tilføj Tag
Ingen Tags, Vær først til at tagge denne postø!
|
MARC
| LEADER | 00000nam a2200000Ia 4500 | ||
|---|---|---|---|
| 008 | 160205b2002 a ||||| |||| 00| | spa d | ||
| 020 | |a 9508081937 | ||
| 090 | |a 06.03.07 |b 812 | ||
| 100 | 1 | |a Tillería Pérez, Daniel |9 1439 | |
| 245 | 1 | 3 | |a El taller de educación artística en la escuela especial / |c Daniel Tillería Pérez |
| 250 | |a 3 edición | ||
| 260 | |a Rosario, Argentina: |b Homo Sapiens, |c 2002 | ||
| 300 | |a 174 páginas | ||
| 650 | 1 | 4 | |a EDUCACIÓN ARTÍSTICA |9 840 |
| 650 | 1 | 4 | |a EDUCACIÓN ESPECIAL |9 817 |
| 650 | 1 | 4 | |a MÚSICA |9 13 |
| 650 | 1 | 4 | |a EXPRESIÓN CORPORAL |9 1440 |
| 650 | 1 | 4 | |a GLOBALIZACIÓN |9 266 |
| 942 | |i 001347 |h 06.03.07 812 |2 z |c 01 | ||
| 999 | |c 353 |d 353 | ||



